[Event "EU-ch Amateur Online 1700/2000"]
[Site "Tornelo INT"]
[Date "2021.04.24"]
[Round "7"]
[White "Mikhailiuk, Denis"]
[Black "Karagiannis, Thomas Aristotelis"]
[Result "1-0"]
[WhiteElo "1982"]
[BlackElo "1760"]
[PlyCount "89"]
[EventDate "2021.04.24"]
[EventType "swiss (rapid)"]
[EventRounds "8"]
[EventCountry "NET"]
[SourceTitle "EXT 2023"]
[Source "ChessBase"]
[SourceDate "2022.10.05"]
[SourceVersion "1"]
[SourceVersionDate "2022.10.05"]
[SourceQuality "1"]

1. d4 d5 2. c4 c6 3. Nf3 Nf6 4. Nc3 a6 5. e3 Bf5 6. Bd3 Bxd3 7. Qxd3 e6 8. 0-0 Bd6 9. e4 dxe4 10. Nxe4 Nxe4 11. Qxe4 Nd7 12. Qe2 0-0 13. b3 Re8 14. Bb2 b5 15. Ne5 Qc7 16. Rac1 Rac8 17. Rfd1 f6 18. Nxd7 Qxd7 19. Qf3 Bf8 20. g3 Red8 21. Kg2 Qf7 22. Bc3 c5 23. dxc5 Rxd1 24. Rxd1 bxc4 25. b4 a5 26. a3 e5 27. Qe4 axb4 28. axb4 g6 29. Qd5 Bg7 30. Qxf7+ Kxf7 31. Rd7+ Kg8 32. g4 h6 33. Kf3 f5 34. Ke2 fxg4 35. Ke3 h5 36. Ke4 Rf8 37. c6 Rf4+ 38. Kd5 Rxf2 39. c7 g3 40. hxg3 Rf3 41. c8Q+ Kh7 42. Rxg7+ Kxg7 43. Bxe5+ Kh6 44. Bf4+ Rxf4 45. gxf4 1-0

[Event "Eljanov Memorial 6th"]
[Site "Chess.com INT"]
[Date "2020.10.29"]
[Round "4"]
[White "Zhukova, Natalia"]
[Black "Mikhailiuk, Denis"]
[Result "1-0"]
[WhiteElo "2338"]
[BlackElo "1982"]
[PlyCount "89"]
[EventDate "2020.10.29"]
[EventType "swiss (blitz)"]
[EventRounds "9"]
[EventCountry "UKR"]
[SourceTitle "CBM 199 Extra"]
[Source "ChessBase"]
[SourceDate "2021.01.31"]
[SourceVersion "1"]
[SourceVersionDate "2021.01.31"]
[SourceQuality "1"]

1. c4 c6 2. e4 d5 3. exd5 cxd5 4. d4 Nf6 5. Nc3 Nc6 6. Nf3 g6 7. cxd5 Nxd5 8. Bc4 Nxc3 9. Qb3 e6 10. bxc3 Bg7 11. Ba3 Na5 12. Bb5+ Bd7 13. Qa4 Nc6 14. Qd1 Qa5 15. Qb3 a6 16. Be2 Qc7 17. 0-0 Bf8 18. Bxf8 Kxf8 19. d5 exd5 20. Qxd5 Be6 21. Qc5+ Kg7 22. Ng5 Rhe8 23. Bf3 Rac8 24. Rfe1 b6 25. Qa3 a5 26. Rab1 Ne5 27. Nxe6+ Rxe6 28. Bd5 Ree8 29. c4 Nd7 30. Re7 Rxe7 31. Qxe7 Nf6 32. Qxc7 Rxc7 33. g3 Nxd5 34. cxd5 Rd7 35. Rb5 Rd6 36. f4 Kf6 37. Kf2 Kf5 38. Ke3 h6 39. Kd4 g5 40. fxg5 hxg5 41. Rb2 Kg4 42. Ke5 Rd8 43. d6 f6+ 44. Ke6 f5 45. Ke7 1-0